000 00676nam a2200253Ia 4500
003 OSt
005 20221005083147.0
006 a|||||r|||| 00| 0
007 ta
008 221004b |||||||| |||| 00| 0 eng d
020 _a8185944385
024 _a28950
037 _cTextual
040 _aCRL
_cCRL
_beng
041 _2eng
_aeng
082 _aL:4:6(J6), N4
100 _aKochhar Blossom
_9612388
245 0 _aHealth and beauty through aromatherapy
260 _aNew Delhi
_bUBSD Publishers Distributors Ltd
_c1994
300 _a135
_ccm.
650 _aMEDICINE
942 _hL:4:6(J6), N4
_cTEXL
_2cc
999 _c990386
_d990386